Physico-mechanical and biological treatment of effluent from natural rubber latex centrifuging units (Record no. 74603)

MARC details
000 -LEADER
fixed length control field 00464nam a2200145Ia 4500
100 ## - MAIN ENTRY--AUTHOR NAME
Personal name Vimalamma T. Abraham
245 #0 - TITLE STATEMENT
Title Physico-mechanical and biological treatment of effluent from natural rubber latex centrifuging units
260 ## - PUBLICATION, DISTRIBUTION, ETC. (IMPRINT)
Name of publisher Mahatma Gandhi University
Place of publication Kottayam
Year of publication 2008
300 ## - PHYSICAL DESCRIPTION
Number of Pages 358
500 ## - GENERAL NOTE
General note Course: PhD
500 ## - GENERAL NOTE
General note T166
700 ## - ADDED ENTRY--PERSONAL NAME
Personal name Dr N Radhakrishnan Nair and Dr G Madhu
942 ## - ADDED ENTRY ELEMENTS (KOHA)
Koha item type Theses
Holdings
Withdrawn status Lost status Damaged status Not for loan Collection code Home library Current library Shelving location Date acquired Koha item type
      Theses Thesis RRII Library RRII Library Rubber technology 31/12/2021 Theses